|
|
|
|
| LEADER |
01118naa a2200265 i 4500 |
| 001 |
acta85607 |
| 005 |
20241120081649.0 |
| 008 |
241114s2024 hu o 100 eng d |
| 020 |
|
|
|a 978-963-688-009-5
|
| 040 |
|
|
|a SZTE Egyetemi Kiadványok Repozitórium
|b hun
|
| 041 |
|
|
|a eng
|
| 245 |
0 |
0 |
|a Proceedings of the 30th International Symposium on Analytical and Environmental Problems
|h [elektronikus dokumentum]
|
| 260 |
|
|
|a University of Szeged
|b Szeged
|c 2024
|
| 300 |
|
|
|a 387
|
| 490 |
0 |
|
|a Proceedings of the International Symposium on Analytical and Environmental Problems
|v 30
|
| 650 |
|
4 |
|a Természettudományok
|
| 650 |
|
4 |
|a Fizikai tudományok
|
| 650 |
|
4 |
|a Kémiai tudományok
|
| 650 |
|
4 |
|a Föld- és kapcsolódó környezettudományok
|
| 695 |
|
|
|a Környezetkémia - tanulmányok, Környezetvédelem - tanulmányok
|
| 700 |
0 |
1 |
|a Alapi Tünde
|
| 700 |
0 |
1 |
|a Berkecz Róbert
|
| 700 |
0 |
1 |
|a Ilisz István
|
| 711 |
|
|
|a 30th International Symposium on Analytical and Environmental Problems
|c Szeged
|d 2024. október 7-8.
|
| 856 |
4 |
0 |
|u http://acta.bibl.u-szeged.hu/85607/1/proceedings_of_isaep_2024.pdf
|z Dokumentum-elérés
|